| 000 | 00800nam a22002177a 4500 | ||
|---|---|---|---|
| 999 |
_c8939 _d8939 |
||
| 003 | AR-CdUCM | ||
| 008 | 190327b ||||| |||| 00| 0 spa d | ||
| 040 |
_aMUNICIPALIDAD PROVINCIAL DEL CUSCO _cBIBLIOTECA MUNICIPAL DEL CUSCO |
||
| 082 |
_a985 / _bR87 |
||
| 100 |
_aRouillón, Guillermo _924819 |
||
| 245 | _aBio-bibliografía de José Carlos Mariátegui / | ||
| 260 |
_aLima : _bUniversidad Nacional Mayor de San Marcos, _c1963. |
||
| 300 |
_a345 páginas ; _bIlustración, _c25 cm. |
||
| 505 | _aContenido _Obras -- Estudios críticos y biográficos sobre José Carlos Mariátegui ... | ||
| 650 |
_aLiteratos _9754 |
||
| 650 |
_aPerú _935 |
||
| 650 |
_aMariátegui, José Carlos _99862 |
||
| 710 |
_aUniversidad Nacional Mayor de San Marcos (Lima) _99962 |
||
| 942 |
_2ddc _cLIBROS |
||
| 945 | _aacv | ||